000 00813nam a2200229 i 4500
001 bgj
100 1 _aFIELDS, Marjorie Vannoy.
245 1 0 _aLet's begin reading right :
_ba developmental approach to beginning literacy /
_cMarjorie Vannoy Fields, Dorris M. Lee.
260 _aColumbus [etc.] :
_bMerrill Publishing Company :
_bA Bell & Howell Information Company,
_cc. 1987.
300 _aXII, 249 pp :
_bill. ;
_c24 cm.
505 _aIncludes bibliographical references after each chapter and index.
650 9 _aReading (Primary)
650 9 _aChild development
650 9 _aChildren
_xLanguage
700 1 _aLEE, Doris [May]
_d(1905- ).
_eco-author
020 _a0675206162
040 _cBPK
041 0 _aeng
920 _a0-675-20616-2
942 _cKS
008 s uk f |000 0 eng
999 _c47596
_d47596